| Tag |
First Indicator |
Second Indicator |
Subfields |
| LEADER |
00000cam a2200000 4500 |
| 001 |
in00000991721 |
| 005 |
20150927161258.0 |
| 008 |
900531s1987 onc 00010 eng d |
| 035 |
|
|
|a (OCoLC)21654504
|
| 035 |
|
|
|9 AEY5724AM
|
| 040 |
|
|
|a TXA
|c TXA
|d UtOrBLW
|
| 049 |
1 |
|
|a TXA2
|
| 090 |
|
|
|a TD226
|b .N29 no. 87-63
|
| 100 |
1 |
|
|a Leishman, P. D.
|
| 245 |
1 |
2 |
|a A special QC study of the Saskatchewan Research Council for major ions, nutrients and physical parameters in water /
|c by P.D. Leishman.
|
| 264 |
|
1 |
|a Burlington, Ontario :
|b Quality Assurance Project Group, National Water Research Institute, Canada Centre for Inland Waters,
|c 1987.
|
| 300 |
|
|
|a ii, 3 pages, 16 unnumbered leaves ;
|c 28 cm.
|
| 336 |
|
|
|a text
|b txt
|2 rdacontent
|
| 337 |
|
|
|a unmediated
|b n
|2 rdamedia
|
| 338 |
|
|
|a volume
|b nc
|2 rdacarrier
|
| 490 |
1 |
|
|a NWRI contribution ;
|v no. 87-63
|
| 500 |
|
|
|a "May 1987."
|
| 610 |
2 |
0 |
|a Saskatchewan Research Council
|x Evaluation.
|
| 650 |
|
0 |
|a Water
|x Composition.
|
| 830 |
|
0 |
|a NWRI contribution ;
|v no. 87-63.
|
| 999 |
|
|
|a MARS
|
| 999 |
f |
f |
|s e9f80067-b9ba-31de-8964-40ca0693c85e
|i b732ef1b-89af-3317-b7c7-ab77b1c2bd58
|t 0
|
| 952 |
f |
f |
|p ric
|a Texas A&M University
|b Rellis Campus
|c Joint Library Facility
|d Remote Storage
|t 0
|e TD226 .N29 no.87-63
|h Library of Congress classification
|i unmediated -- volume
|m A14814330090
|
| 998 |
f |
f |
|a TD226 .N29 no.87-63
|t 0
|l Remote Storage
|